[Event "European Blitz 2017"]
[Site "Katowice POL"]
[Date "2017.12.15"]
[Round "14.94"]
[White "Balaian, Alina"]
[Black "Tomaszewski, Roman"]
[Result "0-1"]
[WhiteTitle "WIM"]
[BlackTitle "IM"]
[WhiteElo "2224"]
[BlackElo "2285"]
[WhiteFideId "24115347"]
[BlackFideId "1100637"]
[EventDate "2017.12.15"]
[EventType "blitz"]

1. e4 c6 2. d4 d5 3. f3 g6 4. Nc3 Bg7 5. Be3 Qb6 6. Qd2 Qxb2 7. Rb1 Qa3 8. Bd3
e6 9. Nge2 Nd7 10. O-O Qa5 11. exd5 exd5 12. Bf4 Ngf6 13. Bd6 Nf8 14. Rfe1 Qd8
15. Ba3 Ne6 16. Ng3 Bf8 17. Bxf8 Kxf8 18. Qh6+ Kg8 19. Nce2 Qf8 20. Qd2 Kg7 21.
c3 Qd6 22. f4 h6 23. f5 Nf8 24. Nf4 b6 25. fxg6 fxg6 26. Re2 Bd7 27. Rbe1 Re8
28. Rxe8 Bxe8 29. Re2 Bf7 30. Qe1 N8d7 31. Qf2 Re8 32. Rxe8 Bxe8 33. Nfe2 c5 34.
Qe3 Bf7 35. Nf1 Ng4 36. Qh3 Be6 37. Qg3 Qxg3 38. Nfxg3 Ngf6 39. Nf4 Bf7 40. Nge2
c4 41. Bc2 g5 42. Nh3 Bg6 43. Ba4 Nf8 44. Nf2 Ne6 45. Bc6 Nc7 46. h3 Be8 47. Bb7
Kf7 48. Nd1 Ke6 49. Ne3 Bd7 50. Kf2 Kd6 51. Ke1 b5 52. Ng3 h5 53. Ngf5+ Bxf5 54.
Nxf5+ Ke6 55. Bc8+ Kf7 56. Ne3 Ne4 57. Nd1 Ke7 58. Bb7 Kd6 59. Ke2 Kd7 60. Ke3
Nd6 61. Bxd5 Nxd5+ 62. Kd2 Ke6 63. Nf2 Kf5 64. g4+ hxg4 65. Nxg4 Ne4+ 66. Kc2
Nexc3 67. Ne5 Ne4 68. a4 a6 69. a5 Nd6 70. Nd7 Nb7 71. Kd2 Nxa5 72. Nc5 Nc6 73.
Nxa6 Nxd4 74. Nb8 Ke6 75. Kc1 Kd6 76. Na6 Kc6 77. Nb8+ Kc7 78. Na6+ Kb6 79. Nb8
Kc7 80. Na6+ Kd6 81. Kd2 b4 82. Kc1 c3 83. Kb1 b3 84. Kc1 Ne2+ 85. Kd1 c2+ 86.
Kxe2 c1=Q 0-1

[Event "European Blitz 2017"]
[Site "Katowice POL"]
[Date "2017.12.15"]
[Round "14.95"]
[White "Tate, Alan"]
[Black "Stenner, Patrick"]
[Result "1/2-1/2"]
[WhiteTitle "FM"]
[WhiteElo "2358"]
[BlackElo "2248"]
[WhiteFideId "2401878"]
[BlackFideId "4615760"]
[EventDate "2017.12.15"]
[EventType "blitz"]

1. Nf3 d5 2. g3 Nf6 3. Bg2 c6 4. O-O Bf5 5. c4 e6 6. Qb3 Qb6 7. d3 Na6 8. cxd5
Qxb3 9. axb3 exd5 10. Nd4 Bd7 11. e4 dxe4 12. dxe4 Nb4 13. Nc3 Bc5 14. Rd1 O-O
15. Nce2 Bg4 16. f3 Nc2 17. Ra4 b5 18. Ra6 Rfd8 19. fxg4 Nxd4 20. Nxd4 Bxd4+ 21.
Kf1 Nxg4 22. h3 Ne5 23. Ke2 Bb6 24. Rxd8+ Rxd8 25. Bf4 Nd3 26. Ra1 Nxf4+ 27.
gxf4 h6 28. Rd1 Rxd1 29. Kxd1 Kf8 30. Ke2 Ke7 31. e5 Bd4 32. Bxc6 b4 33. Kd3
Bxb2 34. Ke4 f6 35. Kf5 fxe5 36. fxe5 a5 37. Bb5 Bc3 38. Ba4 Bb2 39. Bb5 1/2-1/2

[Event "European Blitz 2017"]
[Site "Katowice POL"]
[Date "2017.12.15"]
[Round "14.96"]
[White "Goluch, Piotr"]
[Black "Nasibullin, Iskander"]
[Result "0-1"]
[WhiteTitle "FM"]
[WhiteElo "2308"]
[BlackElo "2088"]
[WhiteFideId "1137840"]
[BlackFideId "34124273"]
[EventDate "2017.12.15"]
[EventType "blitz"]

1. Nf3 Nf6 2. g3 b6 3. Bg2 Bb7 4. O-O e6 5. d3 d5 6. Nbd2 Be7 7. b3 O-O 8. Bb2
Nbd7 9. c4 c5 10. a3 d4 11. b4 e5 12. e4 dxe3 13. fxe3 cxb4 14. axb4 Bxb4 15.
Nb3 e4 16. Nfd2 Qe7 17. d4 a5 18. d5 Ne5 19. Nd4 Bxd2 20. Nf5 Qe8 21. Bxe5 Bxe3+
22. Nxe3 Qxe5 23. Rf5 Qc3 24. Nf1 Rfe8 25. Rc1 Qd3 26. Qe1 e3 27. Rd1 Qxf5 0-1

[Event "European Blitz 2017"]
[Site "Katowice POL"]
[Date "2017.12.15"]
[Round "14.97"]
[White "Qorri, Fatmir"]
[Black "Ondrus, Martin"]
[Result "1-0"]
[WhiteElo "2032"]
[BlackElo "2261"]
[WhiteFideId "4702107"]
[BlackFideId "14913330"]
[EventDate "2017.12.15"]
[EventType "blitz"]

1. d4 Nf6 2. c4 g6 3. Nc3 Bg7 4. e4 d6 5. f4 O-O 6. Nf3 c5 7. d5 e6 8. Bd3 exd5
9. cxd5 a6 10. O-O b5 11. h3 Ra7 12. Bc2 b4 13. Ne2 Re8 14. Ng3 Nbd7 15. a3 Qb6
16. Kh2 a5 17. axb4 axb4 18. Rxa7 Qxa7 19. b3 Ba6 20. Re1 Qb7 21. Bd3 Nb6 22.
Bb2 Bxd3 23. Qxd3 Nfd7 24. Bxg7 Kxg7 25. h4 Qa7 26. e5 dxe5 27. fxe5 Qa2 28. Re2
Qa1 29. e6 fxe6 30. dxe6 Nf6 31. h5 Nbd5 32. Re1 Nf4 33. Qd2 Ng4+ 34. Kg1 Qf6
35. Ne4 Qf5 36. Nd6 Qxh5 37. Nxe8+ 1-0

[Event "European Blitz 2017"]
[Site "Katowice POL"]
[Date "2017.12.15"]
[Round "14.98"]
[White "Szalanczy, Emil"]
[Black "Lupik, Marina"]
[Result "0-1"]
[WhiteTitle "IM"]
[BlackTitle "WIM"]
[WhiteElo "2201"]
[BlackElo "2190"]
[WhiteFideId "700347"]
[BlackFideId "4177495"]
[EventDate "2017.12.15"]
[EventType "blitz"]

1. e4 c5 2. Nf3 d6 3. d4 cxd4 4. Nxd4 Nf6 5. Nc3 a6 6. Be3 Ng4 7. Bg5 h6 8. Bc1
Nf6 9. Bc4 e6 10. Qe2 b5 11. Bb3 Nbd7 12. Be3 Nc5 13. f3 Nxb3 14. axb3 Bb7 15.
Rd1 Qc7 16. O-O Be7 17. b4 O-O 18. Nb3 Rac8 19. Na5 Ba8 20. Qf2 d5 21. Bb6 Qb8
22. exd5 Nxd5 23. Nxd5 Bxd5 24. Bc5 Bxc5 25. bxc5 b4 26. Nb3 Qb5 27. Ra1 Bxb3
28. cxb3 Rxc5 29. Rxa6 Rfc8 30. Raa1 Rc2 31. Qd4 Qe2 32. Qg4 Rxb2 33. Rae1 Qc2
34. h4 Qxb3 35. Kh2 Qc4 36. Qg3 b3 37. Ra1 Rc2 38. Rfb1 b2 39. Ra7 Qd4 40. Rb7
Rc1 41. R7xb2 Qg1+ 42. Kh3 Rxb1 0-1

[Event "European Blitz 2017"]
[Site "Katowice POL"]
[Date "2017.12.15"]
[Round "14.99"]
[White "Smieszek, Wojciech"]
[Black "Cherepov, Alexej"]
[Result "1/2-1/2"]
[WhiteElo "2185"]
[BlackElo "2156"]
[WhiteFideId "1156047"]
[BlackFideId "13503650"]
[EventDate "2017.12.15"]
[EventType "blitz"]

1. e4 Nf6 2. d3 e5 3. f4 Nc6 4. Nf3 exf4 5. Bxf4 d5 6. Qe2 Be7 7. Nbd2 O-O 8. e5
Nh5 9. Bg3 Nxg3 10. hxg3 Bg4 11. O-O-O Qd7 12. Qe3 d4 13. Qg1 Qd5 14. Kb1 Be6
15. Nb3 Rfd8 16. Be2 a5 17. Nfd2 a4 18. Bf3 Qxe5 19. Nc1 Nb4 20. a3 Nd5 21. Nc4
Qf6 22. Be4 h6 23. Rf1 Qg5 24. Qxd4 Nb6 25. Qe3 Nxc4 26. Qxg5 Nxa3+ 27. bxa3
Bxg5 28. Ne2 Ra6 29. c4 Rb6+ 30. Kc2 Bf6 31. Rb1 Rxb1 32. Rxb1 b6 33. Nc3 Be5
34. Nxa4 Bxg3 35. c5 bxc5 36. Nxc5 Bd5 37. a4 Bxe4 38. Nxe4 Be5 39. Rb5 f6 40.
a5 Ra8 41. Kb3 h5 42. Kb4 Kf7 43. Rb7 f5 44. Nc5 Bd6 45. d4 g5 46. Kb5 h4 47.
Na6 Rc8 48. Kc6 g4 49. Kd7 Ra8 50. Nxc7 Bxc7 51. Kxc7 h3 52. Kb6+ Ke6 53. gxh3
gxh3 54. Rh7 Kd5 55. Rxh3 Kxd4 56. a6 f4 57. Kb7 Rf8 58. a7 Ke4 59. Rc3 f3 60.
Rc8 Rf7+ 61. Rc7 Rf8 62. Rc8 Rf7+ 63. Rc7 Ke5 1/2-1/2

[Event "European Blitz 2017"]
[Site "Katowice POL"]
[Date "2017.12.15"]
[Round "14.100"]
[White "Nun, Grzegorz"]
[Black "Gazik, Igor"]
[Result "1/2-1/2"]
[BlackTitle "IM"]
[WhiteElo "1868"]
[BlackElo "2257"]
[WhiteFideId "1124218"]
[BlackFideId "14900149"]
[EventDate "2017.12.15"]
[EventType "swiss"]

1. e4 Nf6 2. Nc3 d5 3. exd5 Nxd5 4. Bc4 c6 5. Qf3 Be6 6. Nxd5 cxd5 7. Bb3 Nc6 8.
Ne2 g6 9. d4 Bg7 10. c3 O-O 11. O-O Bf5 12. Bxd5 Rc8 13. Be4 Bd7 14. Ng3 b5 15.
Bf4 b4 16. d5 Ne5 17. Bxe5 Bxe5 18. cxb4 Bxb2 19. Rab1 Bf6 20. Qe3 a6 21. Bd3
Bb5 22. Bxb5 axb5 23. Qd3 Qb6 24. Ne4 Bg7 25. Nc5 Rfd8 26. Qe4 Qd6 27. Rfd1 Ra8
28. Qe2 Qe5 29. Qd2 Ra3 30. Rb3 Rxb3 31. Nxb3 Ra8 32. Re1 Qd6 33. h3 Be5 34. Nc5
Ra3 35. Ne4 Qb8 36. Qc2 Qa7 37. Re2 Qd4 38. Rd2 Qxb4 39. Ng5 Rc3 40. Qd1 Qa3 41.
Rc2 Qa4 42. Rd2 Qxd1+ 43. Rxd1 Rc2 44. Nf3 Bd6 45. Ra1 Bc5 46. Ne5 Bxf2+ 47. Kh1
Bd4 48. Re1 Rxa2 49. Nc6 Ra1 50. Rxa1 Bxa1 51. Nxe7+ Kf8 52. Nc6 Bc3 53. d6 Ke8
54. Kg1 b4 55. Na5 Kd7 56. Kf2 Kxd6 57. Ke3 Kd5 58. Kd3 f5 59. Nb3 g5 60. Nc1
Bd4 61. Ne2 Be5 62. Nc1 h5 63. Na2 Bd6 64. Nc1 Ke5 65. g3 Kd5 66. g4 fxg4 67.
hxg4 h4 68. Ne2 h3 1/2-1/2

[Event "European Blitz 2017"]
[Site "Katowice POL"]
[Date "2017.12.15"]
[Round "15.1"]
[White "Fressinet, Laurent"]
[Black "Kovalenko, Igor"]
[Result "0-1"]
[WhiteTitle "GM"]
[BlackTitle "GM"]
[WhiteElo "2662"]
[BlackElo "2639"]
[WhiteFideId "608742"]
[BlackFideId "14117908"]
[EventDate "2017.12.15"]
[EventType "blitz"]

1. e4 c6 2. Nc3 d5 3. Nf3 Bg4 4. h3 Bh5 5. exd5 cxd5 6. Bb5+ Nc6 7. g4 Bg6 8. d4
e6 9. Ne5 Rc8 10. h4 f6 11. Bxc6+ bxc6 12. Nxg6 hxg6 13. Qd3 Kf7 14. Be3 Bd6 15.
O-O-O Ne7 16. Ne2 Qa5 17. Kb1 Qb5 18. Qd2 Rb8 19. b3 a5 20. Bf4 Nc8 21. Rde1 a4
22. f3 axb3 23. cxb3 Ra8 24. Rc1 Ba3 25. Rc2 Nb6 26. Ka1 Ra6 27. Nc3 Qa5 28. Nb1
Bb4 29. Qc1 Nd7 30. Rhh2 c5 31. Be3 cxd4 32. Bxd4 e5 33. Rc7 Rd8 34. Bg1 Bd6 35.
Rcc2 e4 36. Bd4 Bxh2 0-1

[Event "European Blitz 2017"]
[Site "Katowice POL"]
[Date "2017.12.15"]
[Round "15.2"]
[White "Piorun, Kacper"]
[Black "Andriasian, Zaven"]
[Result "1/2-1/2"]
[WhiteTitle "GM"]
[BlackTitle "GM"]
[WhiteElo "2651"]
[BlackElo "2585"]
[WhiteFideId "1130420"]
[BlackFideId "13302000"]
[EventDate "2017.12.15"]
[EventType "blitz"]

1. e4 e5 2. Nf3 Nc6 3. Bb5 d6 4. d4 Bd7 5. d5 Nce7 6. Bxd7+ Qxd7 7. c4 Nf6 8.
Nc3 g6 9. O-O Bg7 10. b4 O-O 11. Ne1 Nh5 12. Nd3 f5 13. f3 a5 14. bxa5 Rxa5 15.
a4 b6 16. Bd2 Raa8 17. Nb5 fxe4 18. fxe4 Rxf1+ 19. Qxf1 Rf8 20. Qe2 h6 21. Rf1
Ra8 22. Ra1 Rf8 23. Rf1 Ra8 1/2-1/2

[Event "European Blitz 2017"]
[Site "Katowice POL"]
[Date "2017.12.15"]
[Round "15.3"]
[White "Jaracz, Pawel"]
[Black "Navara, David"]
[Result "0-1"]
[WhiteTitle "GM"]
[BlackTitle "GM"]
[WhiteElo "2465"]
[BlackElo "2740"]
[WhiteFideId "1102222"]
[BlackFideId "309095"]
[EventDate "2017.12.15"]
[EventType "blitz"]

1. Nf3 d5 2. e3 Nf6 3. c4 e6 4. b3 b6 5. Bb2 Bb7 6. Nc3 Nbd7 7. Be2 Bd6 8. Qc2
dxc4 9. bxc4 c5 10. O-O Rc8 11. a4 Bxf3 12. Bxf3 Ne5 13. Be2 Nc6 14. f4 O-O 15.
Ne4 Nxe4 16. Qxe4 Be7 17. d4 Bf6 18. Rfd1 cxd4 19. exd4 g6 20. Bc3 Qc7 21. Rac1
Ne7 22. a5 bxa5 23. Ra1 Nc6 24. Rac1 Rfd8 25. d5 exd5 26. cxd5 Bxc3 27. Rxc3
Qb6+ 28. Kf1 Ne7 29. Rxc8 Nxc8 30. f5 Nd6 31. Qe5 Nxf5 32. Rd3 Rc8 33. g4 Rc1+
34. Bd1 Nd6 35. Kg2 Qc5 36. Bf3 Rc2+ 37. Kh3 Qc4 38. Re3 Qf1+ 39. Kh4 Qf2+ 40.
Kg5 h6+ 41. Kf6 Qh4+ 42. g5 Qxg5+ 43. Qxg5 hxg5 44. Ra3 Rf2 45. Ke7 Nc4 46. Rc3
Ne5 47. Be4 Re2 48. Bb1 a4 49. d6 a3 50. Kf6 Nd7+ 51. Kxg5 a2 52. Bxa2 Rxa2 53.
Rc7 Nf8 0-1

[Event "European Blitz 2017"]
[Site "Katowice POL"]
[Date "2017.12.15"]
[Round "15.5"]
[White "Ragger, Markus"]
[Black "Bosiocic, Marin"]
[Result "1/2-1/2"]
[WhiteTitle "GM"]
[BlackTitle "GM"]
[WhiteElo "2657"]
[BlackElo "2624"]
[WhiteFideId "1610856"]
[BlackFideId "14507927"]
[EventDate "2017.12.15"]
[EventType "blitz"]

1. e4 e5 2. Nf3 Nc6 3. Bc4 Bc5 4. d3 Nf6 5. Nc3 h6 6. a3 d6 7. h3 Bb6 8. Na4 Be6
9. Bxe6 fxe6 10. O-O O-O 11. c3 Ne7 12. Nxb6 axb6 13. g3 Qe8 14. Kg2 Qa4 15. Be3
Qb5 16. Qc2 Rf7 17. d4 exd4 18. Nxd4 Qd7 19. f4 c5 20. Nf3 Qc6 21. Nd2 d5 22.
Rae1 dxe4 23. Kh2 h5 24. Bf2 Ra4 25. b3 Ra8 26. a4 Rd8 27. Nxe4 Nxe4 28. Rxe4 h4
29. Rfe1 hxg3+ 30. Bxg3 Nf5 31. Bf2 Rf6 32. Qe2 Rd6 33. Qb5 Qxb5 34. axb5 Kf7
35. R1e2 Rd3 36. Be1 Rh6 37. h4 Nxh4 38. Bxh4 Rxh4+ 39. Kg2 Rh6 40. Ra4 Rg6+ 41.
Kf1 Rf6 42. Ke1 Rd7 43. Ree4 Rf5 44. Ra7 Rfd5 45. Ke2 Rd2+ 46. Kf3 Rb2 47. b4
Rb3 48. bxc5 Rxc3+ 49. Kg4 Rxc5 50. Rb4 Kf6 51. Ra8 Rdd5 52. Rf8+ Ke7 53. Rb8
Rxb5 54. Rxb7+ Kf6 55. Rc4 Rbc5 56. Ra4 g5 57. Rxb6 Rf5 58. Re4 Rxf4+ 59. Rxf4+
gxf4 60. Kxf4 1/2-1/2

[Event "European Blitz 2017"]
[Site "Katowice POL"]
[Date "2017.12.15"]
[Round "15.6"]
[White "Saric, Ante"]
[Black "Mohr, Georg"]
[Result "0-1"]
[WhiteTitle "GM"]
[BlackTitle "GM"]
[WhiteElo "2540"]
[BlackElo "2473"]
[WhiteFideId "14506254"]
[BlackFideId "14600013"]
[EventDate "2017.12.15"]
[EventType "blitz"]

1. e4 Nc6 2. Nf3 d6 3. Bb5 Nf6 4. Qe2 e5 5. d4 exd4 6. Nxd4 Bd7 7. Bxc6 bxc6 8.
O-O Be7 9. Re1 O-O 10. b3 Re8 11. Nd2 c5 12. N4f3 Bf8 13. Bb2 Bc6 14. Qd3 g6 15.
Rad1 Bg7 16. Qa6 Qd7 17. e5 Nd5 18. a3 Nf4 19. h3 Bb5 20. Qa5 dxe5 21. Nc4 Qc6
22. Ncxe5 Bxe5 23. Bxe5 Nxh3+ 24. gxh3 Qxf3 25. Qxb5 Rxe5 26. Rxe5 Qxd1+ 27. Kg2
Qxc2 28. Re8+ Rxe8 29. Qxe8+ Kg7 30. Qe5+ Kf8 31. Qxc7 Qe4+ 32. Kg3 Qd3+ 33. f3
Qe3 34. Qxa7 Qg1+ 35. Kf4 Kg7 36. Qe7 Qc1+ 37. Ke5 Qe3+ 38. Kd6 Qd4+ 39. Kc6 c4
40. bxc4 Qxc4+ 41. Qc5 Qe6+ 42. Kb5 Qb3+ 43. Kc6 Qxf3+ 44. Kc7 Qf4+ 45. Kc6 Qe4+
46. Kb6 Qe6+ 47. Kb5 Qb3+ 48. Qb4 Qxh3 49. Qd4+ f6 50. a4 Qf5+ 51. Qc5 Qd3+ 52.
Qc4 Qb1+ 53. Kc5 Qa1 54. Kb6 Qb2+ 55. Qb5 Qd4+ 56. Kc6 Qe4+ 57. Kc7 Qf4+ 58. Kc6
Qe4+ 59. Kc7 Qc2+ 60. Kb7 Qe4+ 61. Kb6 Qd4+ 62. Kc6 h5 63. a5 h4 64. a6 h3 65.
Qf1 h2 66. Kb7 Qe4+ 0-1

[Event "European Blitz 2017"]
[Site "Katowice POL"]
[Date "2017.12.15"]
[Round "15.7"]
[White "Ponkratov, Pavel"]
[Black "Castellanos Rodriguez, Renier"]
[Result "1-0"]
[WhiteTitle "GM"]
[BlackTitle "IM"]
[WhiteElo "2613"]
[BlackElo "2501"]
[WhiteFideId "4157800"]
[BlackFideId "3404650"]
[EventDate "2017.12.15"]
[EventType "blitz"]

1. g3 g6 2. Bg2 Bg7 3. c4 c5 4. Nf3 Nc6 5. O-O d6 6. Nc3 e6 7. e3 Nge7 8. d4 O-O
9. d5 exd5 10. cxd5 Ne5 11. Ne1 f5 12. f4 Nf7 13. Nc2 a6 14. Bd2 Bd7 15. a4 b6
16. b4 Rc8 17. Ra3 Kh8 18. Re1 Ng8 19. Bf1 a5 20. bxa5 bxa5 21. Rb3 Nf6 22. Na3
Rb8 23. Rxb8 Qxb8 24. Bb5 Bxb5 25. axb5 h5 26. Nc4 h4 27. gxh4 Nh5 28. b6 Qd8
29. Qf3 Qxh4 30. Rb1 Rb8 31. Nxa5 Qf6 32. b7 Nd8 33. Kh1 Qf7 34. Qe2 Nxb7 35.
Qa6 Kh7 36. Rxb7 Rxb7 37. Qxb7 Qe8 38. Nc6 Kh6 39. Qe7 Qa8 40. Qg5+ Kh7 41. Ne7
Qe8 42. Nxf5 gxf5 43. Qxf5+ Kh8 44. Ne4 Ba1 45. Nxd6 1-0

[Event "European Blitz 2017"]
[Site "Katowice POL"]
[Date "2017.12.15"]
[Round "15.8"]
[White "Bartel, Mateusz"]
[Black "Maier, Christian"]
[Result "1/2-1/2"]
[WhiteTitle "GM"]
[BlackTitle "IM"]
[WhiteElo "2609"]
[BlackElo "2393"]
[WhiteFideId "1112635"]
[BlackFideId "4601955"]
[EventDate "2017.12.15"]
[EventType "blitz"]

1. Nf3 Nf6 2. c4 d6 3. d4 g6 4. Nc3 Bg7 5. e4 O-O 6. h3 c5 7. d5 b5 8. cxb5 a6
9. bxa6 Nxa6 10. Be2 Qa5 11. O-O Nc7 12. Nd2 Ba6 13. Bxa6 Qxa6 14. Qc2 Rfb8 15.
b3 Nd7 16. Bb2 Ne5 17. Rfd1 Nd3 18. Nc4 Nxb2 19. Nxb2 Qa5 20. Nca4 Nb5 21. Rac1
Na3 22. Qe2 Rb4 23. Nd3 Rd4 24. Ne1 Nb5 25. Rxd4 Nxd4 26. Qd1 Rb8 27. Nd3 Qb5
28. Rc4 Qd7 29. Ndb2 e6 30. dxe6 Qxe6 31. Qd3 h5 32. Rc1 h4 33. Nc4 d5 34. exd5
Ne2+ 35. Kf1 Nxc1 36. Qd1 Qe4 37. Qxc1 Qxd5 38. Kg1 Rd8 39. Ne3 Qd2 40. Qxd2
Rxd2 41. Nxc5 Rxa2 42. Nd3 Ra3 43. Kf1 Rxb3 44. Ke2 f5 45. Nd5 Kf7 46. g3 Ra3
47. gxh4 Bf6 48. N5f4 Ra2+ 49. Kf3 Ra5 50. h5 g5 51. Ng2 Ra3 52. Ke2 Kg7 53. Ne3
Ra5 54. f4 gxf4 55. Nxf4 Bg5 56. Ne6+ Kh6 57. Nxg5 Kxg5 58. Kf3 Ra3 59. Kf2 Kf4
60. Ng2+ Kg5 61. Ne3 f4 62. Nd5 Rxh3 63. Kg2 Rxh5 64. Kf3 Rh3+ 65. Ke4 Ra3 66.
Nc7 Re3+ 67. Kd4 Kg4 68. Nd5 Re8 69. Nf6+ Kg3 70. Nxe8 f3 71. Nd6 1/2-1/2

[Event "European Blitz 2017"]
[Site "Katowice POL"]
[Date "2017.12.15"]
[Round "15.9"]
[White "Chigaev, Maksim"]
[Black "Moranda, Wojciech"]
[Result "1-0"]
[WhiteTitle "GM"]
[BlackTitle "GM"]
[WhiteElo "2555"]
[BlackElo "2593"]
[WhiteFideId "4108116"]
[BlackFideId "1122401"]
[EventDate "2017.12.15"]
[EventType "blitz"]

1. e4 c5 2. Nf3 d6 3. Nc3 Nf6 4. e5 dxe5 5. Nxe5 e6 6. Bb5+ Bd7 7. Nxd7 Nbxd7 8.
d4 a6 9. Be2 cxd4 10. Qxd4 Bc5 11. Qh4 O-O 12. O-O Be7 13. Qg3 Kh8 14. Be3 b5
15. a3 Rc8 16. Rfd1 Qc7 17. Qxc7 Rxc7 18. Bf4 Ra7 19. Bf3 Rc8 20. Rd2 Kg8 21.
Ne4 Nxe4 22. Bxe4 Nc5 23. Bf3 Bf6 24. Rad1 g5 25. Be3 Rac7 26. c3 h6 27. g3 Na4
28. Be4 Kg7 29. Kg2 Nc5 30. Bc2 Be7 31. Bd4+ Bf6 32. Be3 Be7 33. Bxc5 Bxc5 34.
Rd7 Kf6 35. Be4 a5 36. Bb7 Rxd7 37. Rxd7 Rb8 38. Bf3 Rb6 39. Bh5 Be7 40. b4 axb4
41. cxb4 Ra6 42. Rd3 Ke5 43. Bxf7 Rd6 44. Re3+ Kf6 45. Rf3+ Ke5 46. Bg6 Rd2 47.
Bd3 Bd8 48. Bxb5 Bb6 49. h3 h5 50. Rf7 Rb2 51. Bc4 h4 52. gxh4 gxh4 53. Bd3 Rb3
54. Bc4 Rxa3 55. Re7 Bd4 56. Rxe6+ Kf5 57. Re2 Rc3 58. Be6+ Kf4 59. Bd5 Kf5 60.
b5 Rc5 61. Be4+ Kf4 62. Bc6 Rg5+ 63. Kf1 Bb6 64. Re4+ Kf5 65. Rxh4 Rg7 66. Rg4
Rxg4 67. Bd7+ Kf4 68. Bxg4 Kg5 69. Kg2 Kf4 70. Be2 Bc5 71. h4 Bb6 72. h5 Kg5 73.
f4+ Kxf4 74. h6 Bd4 75. h7 1-0

[Event "European Blitz 2017"]
[Site "Katowice POL"]
[Date "2017.12.15"]
[Round "15.10"]
[White "Aleksandrov, Aleksej"]
[Black "Demidov, Mikhail"]
[Result "1/2-1/2"]
[WhiteTitle "GM"]
[BlackTitle "IM"]
[WhiteElo "2589"]
[BlackElo "2523"]
[WhiteFideId "13500139"]
[BlackFideId "4197143"]
[EventDate "2017.12.15"]
[EventType "blitz"]

1. d4 d5 2. c4 c6 3. Nc3 dxc4 4. e3 b5 5. a4 b4 6. Ne4 Qd5 7. Ng3 Nf6 8. Be2 e6
9. Nf3 Ba6 10. O-O Nbd7 11. b3 Be7 12. a5 c5 13. Nd2 Rd8 14. bxc4 Qa8 15. Bf3
Bb7 16. Bxb7 Qxb7 17. Nb3 O-O 18. Qe2 Qa6 19. Bb2 Rc8 20. Rac1 Rfd8 21. Rfd1 h6
22. dxc5 Qc6 23. Bd4 e5 24. Bb2 Bxc5 25. Nxc5 Qxc5 26. Nf5 Nf8 27. h3 Ng6 28.
Qf3 Rxd1+ 29. Rxd1 Qxa5 30. Nxh6+ Kf8 31. Qb7 Qc7 32. Qxb4+ Qe7 33. Qxe7+ Nxe7
34. Ng4 Nxg4 35. hxg4 f6 36. g5 Rxc4 37. gxf6 gxf6 38. Ba3 Ke8 39. Bxe7 Kxe7 40.
Ra1 Rc7 41. Ra6 Kf7 42. g4 Kg6 43. Kg2 Rb7 44. Kg3 Rc7 45. f4 exf4+ 46. exf4 Kg7
47. Kh4 Rb7 1/2-1/2

[Event "European Blitz 2017"]
[Site "Katowice POL"]
[Date "2017.12.15"]
[Round "15.11"]
[White "Wojtaszek, Radoslaw"]
[Black "Dziuba, Marcin"]
[Result "1/2-1/2"]
[WhiteTitle "GM"]
[BlackTitle "GM"]
[WhiteElo "2736"]
[BlackElo "2584"]
[WhiteFideId "1118358"]
[BlackFideId "1112953"]
[EventDate "2017.12.15"]
[EventType "blitz"]

1. c4 e6 2. Nf3 d5 3. b3 Nf6 4. Bb2 Be7 5. g3 O-O 6. Bg2 b6 7. O-O Bb7 8. cxd5
Nxd5 9. d4 Nd7 10. Nbd2 c5 11. a3 a5 12. Nc4 N5f6 13. Rc1 b5 14. Ne3 a4 15. dxc5
Nxc5 16. b4 Nb3 17. Rc3 Qb6 18. Ne5 Bxg2 19. Kxg2 Rfd8 20. Rd3 Rxd3 21. exd3
Qb7+ 22. Qf3 Qxf3+ 23. Nxf3 Rc8 24. Nd4 Nxd4 25. Bxd4 Nd7 26. f4 Bf6 27. Bxf6
Nxf6 28. Ra1 Rc3 29. Kf3 Rxd3 30. Ke2 Rb3 31. Nc2 Nd5 32. Nd4 Rb2+ 33. Kd3 Rxh2
34. Nxb5 Rh3 35. Kc4 Rxg3 36. Nd6 Rg4 37. b5 Rxf4+ 38. Kc5 Rf2 39. Rc1 h5 40.
Rc4 g5 41. Rxa4 h4 42. Ne4 Rc2+ 43. Kd6 h3 44. Nxg5 h2 45. Rh4 Ra2 46. a4 Rxa4
47. Rxh2 Rb4 48. Kc5 Rb1 49. Rg2 Kf8 50. Ne4 Ke7 51. Ra2 f5 52. Ra7+ Kd8 53. Ng5
Nc7 54. b6 Rc1+ 55. Kb4 Nd5+ 56. Ka5 Ra1+ 57. Kb5 Rb1+ 58. Kc5 Rxb6 59. Nxe6+
Rxe6 60. Kxd5 Re7 1/2-1/2

[Event "European Blitz 2017"]
[Site "Katowice POL"]
[Date "2017.12.15"]
[Round "15.12"]
[White "Schneider, Ilja"]
[Black "Brunello, Sabino"]
[Result "1/2-1/2"]
[WhiteTitle "IM"]
[BlackTitle "GM"]
[WhiteElo "2517"]
[BlackElo "2553"]
[WhiteFideId "4663306"]
[BlackFideId "813613"]
[EventDate "2017.12.15"]
[EventType "blitz"]

1. e4 e5 2. Nf3 Nc6 3. Nc3 Nf6 4. d4 exd4 5. Nxd4 Bb4 6. Nxc6 bxc6 7. Bd3 O-O 8.
O-O d5 9. exd5 cxd5 10. h3 c6 11. Qf3 Rb8 12. Bf4 Bd6 13. b3 h6 14. Rfe1 Re8 15.
Rxe8+ Nxe8 16. Re1 Nf6 17. Na4 Be6 18. Bxd6 Qxd6 19. Qe3 Qc7 20. Qe5 Qxe5 21.
Rxe5 Nd7 22. Re1 g5 23. Be2 Kf8 24. Bg4 Ke7 25. Kf1 Kd6 26. Rd1 f5 27. Be2 Nf6
28. c4 h5 29. Bd3 g4 30. hxg4 hxg4 31. g3 Ne4 32. Ke2 Nc5 33. Nxc5 Kxc5 34. cxd5
cxd5 35. Ke3 Rb4 36. Rc1+ Kd6 37. Rh1 a5 38. Bc2 d4+ 39. Kd2 Ke5 40. Re1+ Kf6
41. Rh1 Rb8 42. Rh7 Ke5 43. Ra7 Rb5 44. Bd3 Rc5 45. Rb7 f4 46. Rb5 Rxb5 47. Bxb5
fxg3 48. fxg3 Bf5 49. a3 Be6 50. b4 axb4 51. axb4 Bd5 52. Be2 Bf3 53. Bd3 Kd5
54. Kc2 Kc6 55. Kd2 Kb6 56. Bc4 Be4 57. Be6 Kb5 58. Bxg4 Kxb4 59. Be2 1/2-1/2

[Event "European Blitz 2017"]
[Site "Katowice POL"]
[Date "2017.12.15"]
[Round "15.13"]
[White "Kuzmicz, Krystian"]
[Black "Georgiev, Kiril"]
[Result "1/2-1/2"]
[WhiteTitle "IM"]
[BlackTitle "GM"]
[WhiteElo "2460"]
[BlackElo "2623"]
[WhiteFideId "1119125"]
[BlackFideId "2900017"]
[EventDate "2017.12.15"]
[EventType "blitz"]

1. g3 d5 2. Bg2 e5 3. c4 Nf6 4. cxd5 Nxd5 5. Nc3 Nb6 6. Nf3 Nc6 7. O-O Be7 8. d4
exd4 9. Nb5 Bf6 10. Bf4 Nd5 11. Bc1 Nb6 12. Bf4 Nd5 13. Bc1 O-O 14. Nbxd4 Nxd4
15. Nxd4 c6 16. e4 Nb6 17. Nb3 Qxd1 18. Rxd1 Na4 19. Rb1 Bg4 20. f3 Be6 21. f4
Rfd8 22. Re1 Rd7 23. e5 Be7 24. Be3 Bf5 25. Rbd1 Rxd1 26. Rxd1 Nxb2 27. Rd4 Rd8
28. Rxd8+ Bxd8 29. Bxa7 Na4 30. Nc5 Nxc5 31. Bxc5 f6 32. exf6 Bxf6 33. a4 Bc3
34. Bb6 Kf7 35. Kf2 Ke6 36. Ke3 Kd6 37. a5 Bb4 38. Kd4 Be6 39. Be4 g6 40. Bf3
c5+ 41. Ke3 Bd5 42. Bxd5 Kxd5 43. g4 c4 44. Bd8 Bc5+ 45. Kd2 Ke4 46. f5 gxf5 47.
gxf5 Kd5 48. Kc3 Bd4+ 49. Kb4 c3 50. Kb3 Be5 51. Kc2 Bxh2 52. f6 Ke6 53. Kxc3
Be5+ 54. Kc4 Bxf6 55. Bxf6 Kxf6 56. Kc5 h5 57. Kb6 h4 58. Kxb7 h3 59. a6 h2 60.
a7 h1=Q+ 61. Kb8 Qb1+ 62. Kc8 Qc2+ 63. Kb8 Qb3+ 64. Kc8 Qc4+ 65. Kb8 Qb5+ 66.
Ka8 Qa6 67. Kb8 Qb6+ 68. Ka8 Qc5 69. Kb7 Qb5+ 70. Ka8 Qa4 71. Kb8 Qe8+ 72. Kb7
Qe4+ 73. Kb8 Qe5+ 74. Kb7 Qb5+ 75. Ka8 Qd7 76. Kb8 Qd6+ 77. Kb7 Qd5+ 78. Kb8
Qb5+ 79. Ka8 Qd7 80. Kb8 Qd6+ 81. Kb7 Qb4+ 82. Ka8 Qe4+ 83. Kb8 Qb1+ 84. Ka8 Ke5 1/2-1/2